Environmental and resource economics in the world of the poor

Αποθηκεύτηκε σε:
Λεπτομέρειες βιβλιογραφικής εγγραφής
Κύριος συγγραφέας: Dasgupta, Partha
Μορφή: Βιβλίο
Γλώσσα:English
Δημοσίευση: Washington : Resources for the Future, 1997
Θέματα:
Ετικέτες: Προσθήκη ετικέτας
Δεν υπάρχουν, Καταχωρήστε ετικέτα πρώτοι!

MARC

LEADER 00000nam a2200000 i 4500
001 1/97182
008 991216s1997 eng d
020 |a 091570791-8 
035 |l 10056038 
040 |a GR-MY-UA  |b gre  |e aacr 
041 0 |a eng 
082 0 |a 333.7091724 
100 1 |a Dasgupta, Partha. 
245 1 0 |a Environmental and resource economics in the world of the poor /  |c Partha Dasgupta 
260 |a Washington :   |b Resources for the Future,   |c 1997 
300 |a 32 p. 
500 |a 45th anniversary lecture, Resources for the Future, Washington, D.C., delivered on 9 October 1997 
504 |a Includes bibliographical references 
650 0 0 |a Poverty  |z Developing countries. 
650 0 0 |a Environmental economics  |z Developing countries. 
650 0 0 |a Natural resources  |z Developing countries. 
852 |a INST  |b LESVOS  |e 19991216  |h 333.7091724 DAS  |p 005100022562  |q 005100022562  |t BK  |y 0 
901 |a BIBL1-2000-1 
909 |a Λ  |b 071443 
922 |a 1ΕΛΗ  |b 199912  |c ΚΠΣ/ΠΜΣ  |d ΠΑΠΑΣΩΤΗΡΙΟΥ 
950 |a 157-1999-10-15 
970 |a ΚΑΜΑΤΣΟΥ  |b ΔΕΣΠΟΙΝΑ  |z 2000/01/24